Normal view
MARC view
- Poesía infantil mexicana
Entry Materia
001 - NÚMERO DE CONTROL DEL REGISTRO
- campo de control: 1260
003 - IDENTIFICADOR DE NUMERO DE CONTROL
- campo de control: MX-MxUPN
005 - FECHA Y HORA DE LA ÚLTIMA TRANSACCIÓN
- campo de control: 20241128114446.0
008 - DATOS DE LONGITUD FIJA
- campo de control de longitud fija: 240920nn annnnbabn | ana |d
035 ## - NÚMERO DE CONTROL DEL SISTEMA
- Número de control del sistema: UPN10000001260
040 ## - FUENTE DE LA CATALOGACIÓN
- Centro catalogador de origen: MX-MxUPN
- Lengua de catalogación: spa
150 ## - ENCABEZAMIENTO - TEMÁTICO
- Término de materia o nombre geográfico como elemento inicial: Poesía infantil mexicana
670 ## - FUENTE EN LA QUE SE LOCALIZARON DATOS
- Cita de la fuente: Escamilla González, G. Lista de encabezamientos de materia, 1978 :
- Información localizada: página 672 (Poesía infantil colombiana)
902 ## - CATALOGADOR
- Catalogador: CAA/180996
- Catalogador: VíctorGodínez/200924
